000 02551nam a2200337 a 4500
003 CHAP
005 20230412130819.0
007 ta
008 230412s2010 pe ado|fr|||| 001 0 spa d
020 _a978-612-4034-55-8
040 _amxchpua
_cCHAP
_erda
050 1 0 _aTA340
_b.Q49 2010
082 0 0 _a519.5
_bQ49 2010
_220
100 1 _9186672
_aQuezada Lucio, Nel
_eautor
245 1 0 _aEstadísticas para ingenieros /
_cNel Quezada Lucio
250 _a1a edición
264 _aLima, Perú :
_bMacro,
_c2010
300 _a310 páginas :
_bilustraciones, gráficas, tablas
336 _2rdacontent
_atexto
_btxt
337 _2rdamedia
_asin medio
_bn
338 _2rdacarrier
_avolumen
_bnc
505 0 _a1. Etapas de una investigación -- 2. Estadística descriptiva -- 3. Gráficos descriptivos -- 4. Distribuciones bidimensionales -- 5. Coeficiente de correlación lineal -- 6. Regresión lineal simple -- 7. Números índices -- 8. Análisis combinatorio -- 9. Probabilidades -- 10. Variables aleatorias discretas -- 11. Distribuciones de probabilidad -- 12. Inferencia estadística
520 2 _aEste libro expone los lineamientos generales de la estadística aplicados al campo de la ingeniería. En esta obra, el lector encontrará las herramientas teóricas indispensables para manejar con eficiencia la información requerida para un adecuado trabajo de investigación, el desarrollo de proyectos especializados y la toma de decisiones. En esta publicación se tratan temas como las nociones preliminares de la estadística descriptiva, los gráficos descriptivos, las distribuciones bidimensionales, la correlación y regresión lineal, el análisis combinatorio, las probabilidades, las variables aleatorias, las distribuciones de probabilidad, la inferencia estadística, entre otros. Asimismo, se presenta una metodología práctica basada en ejercicios desarrollados y propuestos, los cuales potenciarán el aprendizaje de los conocimientos adquiridos. La presente obra está dirigida a estudiantes y profesionales de todas las carreras de ingeniería, así como a todos aquellos relacionados con el campo de la estadística que necesiten de un texto compendioso y práctico, imprescindible para una lectura y praxis general de la estadística.
650 1 7 _958191
_aIngeniería
_xMétodos estadísticos
650 1 7 _938241
_aEstadística
650 1 7 _991685
_aProbabilidad
650 1 3 _9147798
_aEngineering
_xStatistical methods
650 1 3 _9144311
_aStatistics
650 1 3 _9158041
_aProbability
942 _2ddc
_cLibro
999 _c218599
_d218599